LEADER 02154nam0 2200493 i 450 001 MIL0219555 005 20251003044228.0 010 $a8842045292 020 $aIT$b95-3723 100 $a19960730d1994 ||||0itac50 ba 101 | $aita 102 $ait 181 1$6z01$ai $bxxxe 182 1$6z01$an 183 1$6z01$anc$2RDAcarrier 200 1 $aˆIl ‰pensiero politico di Pareto$fPaolo Bonetti 210 $aRoma \etc.!$cLaterza$d1994 215 $a228 p.$d21 cm 225 | $aˆI ‰pensatori politici$v7 300 $aSegue: Antologia di testi. 312 $aTit. in cop.: Pareto.$9MIL0116310 410 0$1001LO10262350$12001 $aˆI ‰pensatori politici$v7 517 1 $aPareto.$9MIL0116310 606 $aPareto, Vilfredo$xPensiero politico$2FIR$3CFIC025103$9I 676 $a320.092$9SCIENZA POLITICA. Persone$v21 676 $a320.092$9SCIENZA POLITICA. PERSONE$v22 676 $a320.5$9TEORIE E IDEOLOGIE POLITICHE$v12 676 $a320.5$9Scienza politica. Ideologie politiche$v14 676 $a320.5$9TEORIE E IDEOLOGIE POLITICHE$v20 676 $a320.5092$9Ideologie politiche. Persone$v20 676 $a320.5092$9IDEOLOGIE POLITICHE. Persone$v21 676 $a320.5092$9IDEOLOGIE POLITICHE. PERSONE$v23 676 $a320.50924$9IDEOLOGIE POLITICHE. BIOGRAFIE$v20 700 1$aBonetti$b, Paolo$f <1939-2019>$3CFIV028640$4070$01346181 702 1$aPareto$b, Vilfredo$3CFIV063949 790 1$aBonetti$b, Paolo$c $3SBNV100578$zBonetti, Paolo <1939-2019> 801 3$aIT$bIT-000000$c19960730 850 $aIT-BN0095 901 $bNAP 01$cPOZZO LIB.$nVi sono collocati fondi di economia, periodici di ingegneria e scienze, periodici di economia e statistica e altri fondi comprendenti documenti di economia pervenuti in dono. 912 $aMIL0219555 950 0$aBiblioteca Centralizzata di Ateneo$c1 v.$d 01POZZO LIB.ECON MON 6785$e 0101 0700177455E VMA 1 v. ( Precedente collocazione 17 Ec 745)$fB $h20220726$i20220726 977 $a 01 996 $aPensiero politico di Pareto$93072374 997 $aUNISANNIO